000 00306nam a22001337a 4500
008 170601b xxu||||| |||| 00| 0 eng d
020 _a9780061357930
041 _aeng
080 _a94(100)
100 _a17
101 _aSHH
245 _aTO KEEP THE BRITISH ISLES AFLOAT
_cPARRISH,TH
942 _2udc
_cBK
999 _c15512
_d15512